Premier League 23/24 top players by position. - Statistics

General Stats
  • This quiz has been taken 87 times
  • The average score is 20 of 55
Answer Stats
Hint Answer % Correct
CF Erling Haaland
90%
RWG Mohamed Salah
76%
GK Ederson
75%
GK Alisson
73%
RWG Bukayo Saka
68%
CB Virgil Van Dijk
68%
DMF Rodri
63%
LWG Heung-Min Son
61%
CB Micky Van de Ven
61%
CB Ruben Dias
61%
CF Gabriel Jesus
59%
LWG Jack Grealish
59%
OMF Kevin De Bruyne
59%
RSB Trent Alexander-Arnold
58%
CF Darwin Nunez
56%
GK David Raya
56%
LWG Gabriel Martinelli
54%
OMF Bruno Fernandes
49%
LWG Marcus Rashford
49%
GK Aaron Ramsdale
46%
DMF Declan Rice
46%
OMF Martin Ødegaard
42%
CF Ollie Watkins
42%
CB William Saliba
41%
CF Alexander Isak
39%
LSB Andrew Robertson
39%
RSB Kyle Walker
39%
CB Lisandro Martinez
39%
RSB Kieran Trippier
32%
RSB Reece James
32%
OMF James Maddison
27%
GK Jordan Pickford
27%
CB Raphael Varane
27%
LSB Oleksandr Zinchenko
24%
RSB Ben White
22%
CB Christian Romero
22%
DMF Moises Caicedo
22%
CMF Enzo Fernandez
20%
RWG Jarrod Bowen
20%
LWG Kaoru Mitoma
20%
CB Manuel Akanji
20%
RWG Pedro Neto
20%
CB Sven Botman
20%
CMF Alexis Mac Allister
17%
LSB Ben Chilwell
17%
DMF Bruno Guimarães
17%
CB Gabriel Magalhães
17%
LSB Luke Shaw
17%
DMF Thomas Partey
17%
RWG Moussa Diaby
12%
CMF Joelinton
7%
OMF Dominik Szobozlai
2%
LSB Pervis Estupinan
2%
CMF Douglas Ruiz
0%
CMF Rodrigo bentancur
0%
No matching quizzes found
Score Distribution
Percent of People with Each Score
Percentile by Number Answered
Your Score History
You have not taken this quiz